La suave patria /
La suave patria, la más conocida de las creaciones de López Velarde, fue escrita en 1921 con ocasión del primer centenario de la consumación de la Independencia, publicada ese mismo año en El Maestro y recogida en El son del corazón.
Guardado en:
| Autor principal: | |
|---|---|
| Otros autores: | |
| Formato: | Libro |
| Idioma: | Español |
| Publicado: |
Zacatecas, México :
Gobierno del Estado de Zacatecas, Instituto Zacatecano de Cultura Ramón López Velarde,
2008, c2006
|
| Edición: | Edición conmemorativa |
| Temas: | |
| Etiquetas: |
Sin etiquetas, Sé el primero en etiquetar este registro!
|
MARC
| LEADER | 00000nam^a2200000^a^4500 | ||
|---|---|---|---|
| 001 | 000448722 | ||
| 005 | 20250526000000.0 | ||
| 009 | 20260310123704.247 | ||
| 037 | |a Acervo ITESO - Biblioteca | ||
| 041 | |a ESP | ||
| 082 | |a 861. |b LOP | ||
| 100 | |a López Velarde, Ramón |e (autor) | ||
| 240 | 1 | 4 | |a [La suave patria] |
| 245 | 1 | 3 | |a La suave patria / |c R. López Velarde ; presen. de A. García. |
| 250 | |a Edición conmemorativa | ||
| 264 | 4 | |a Zacatecas, México : |b Gobierno del Estado de Zacatecas, Instituto Zacatecano de Cultura Ramón López Velarde, |c 2008, c2006 | |
| 300 | |a 20 p. ; |c 27.5 cm. | ||
| 336 | |a texto |b txt |2 rdacontenido | ||
| 337 | |a sin mediación |b n |2 rdamedio | ||
| 338 | |a volumen |b nc |2 rdasoporte | ||
| 520 | |a La suave patria, la más conocida de las creaciones de López Velarde, fue escrita en 1921 con ocasión del primer centenario de la consumación de la Independencia, publicada ese mismo año en El Maestro y recogida en El son del corazón. | ||
| 545 | 0 | |a Ramón López Velarde (Jerez, 1888 – Ciudad de México, 1921), poeta zacatecano, es autor de una obra breve en prosa y en verso, pero que es considerada un punto de inflexión en la poesía mexicana del siglo XX. Colaborador de revistas y periódicos de San Luis Potosí, Aguascalientes, Guadalajara, Zacatecas y en la ciudad de México, López Velarde publicó La sangre devota (1916) y Zozobra (1919). El son del corazón, su tercer libro de poesía, apareció de modo póstumo en 1932 y una compilación de sus artículos fue reunida en El minutero (1923). | |
| 649 | |a XX | ||
| 650 | |a Poesía Mexicana | ||
| 650 | |a Nacionalismo en la Literatura - |z México | ||
| 650 | |a Literatura Mexicana - |y Siglo XX | ||
| 650 | |a México en la Literatura | ||
| 700 | |a García, Amalia |e (presentación) | ||
| 910 | |a Fondo Pedro Valtierra | ||
| 920 | |a Impresos - Libros | ||
| 930 | |a Libros Antiguos y Raros | ||
| 940 | |a Literatura | ||
| 905 | |a 129 | ||
| 901 | |a 0500368824 |b IT2 |c LRA |i D |u 20250526 | ||
| 902 | |a https://opac.biblio.iteso.mx/vufind/Record/000448722 | ||